| LEADER | 00889nam a2200241 a 4500 | ||
|---|---|---|---|
| 001 | GR-MES7275 | ||
| 008 | 000719s19901995enk 000 0 gre d | ||
| 020 | |a 0751710458 | ||
| 040 | |a GrPaTEI |b gre |c GR-PaULI | ||
| 040 | |a GrPaTEI |b gre |c GR-PaULI | ||
| 245 | 0 | 0 | |a Study text : |b Associateship Branch banking:law and practice / |c CIB. |
| 250 | |a 5η εκδ. | ||
| 260 | |a London : |b BPP, |c 1995 | ||
| 300 | |a 547 σελ. : |b πίν. | ||
| 500 | |a Ευρετήριο σελ.(531-543) | ||
| 650 | 4 | |a ΔΙΚΑΙΟ | |
| 650 | 4 | |a Νομοθεσία | |
| 650 | 4 | |a Τράπεζες | |
| 710 | 2 | |a Chartered Institute of Bankers | |
| 942 | |2 ddc | ||
| 952 | |0 0 |1 0 |2 ddc |4 0 |6 346_082000000000000_CIB |7 0 |9 277609 |a MSLG |b MSLG |c BSC |d 2021-01-17 |e 24 |f 0 |g 0.00 |l 0 |o 346.082 CIB |p 2420014994 |r 2021-01-17 00:00:00 |t 1 |w 2021-01-17 |y BK15 |x 20000719 0 1 |x GrPaTEI | ||
| 971 | |a .b25857447 |b 15-04-20 |c 14-09-16 | ||
| 999 | |c 161351 |d 161351 | ||